00305nam a2200121Ia 4500003000400000005001700004008004100021020001900062040001700081100001500098245004600113260002400159OSt20240301111444.0170524s9999 xx 000 0 und d a978-8179653548 ciimtu meerut aHARI MOHAN 0aSAMACHAR FEATURE LEKHAN AVEM SAMPADAN KLA bN DELHI TAKSHSHILA